| 000 | 00946nam a2200349 a 4500 | ||
|---|---|---|---|
| 003 | AR-BaBNM | ||
| 005 | 20251128203505.0 | ||
| 008 | 082120s2002 ||||||||||||||000 | spa|| | ||
| 040 | _cAR-BaBNM | ||
| 100 | 1 | _aSoustelle, Jacques | |
| 245 | 0 | 0 | _aLa vida cotidiana de los aztecas en vísperas de la conquista |
| 250 | _a1ª ed. | ||
| 260 |
_aMéxico, D.F. _bFondo de Cultura Económica _c1956 |
||
| 300 |
_a283 p. _bláms., il. |
||
| 490 | 0 | _aObras de antropología | |
| 500 | _aApéndice p. 244-245 | ||
| 504 | _aContiene bibliografía para consultar p. 274-275 | ||
| 650 | 4 | _aABORIGENES | |
| 650 | 4 | _aPOBLACIONES ABORIGENES | |
| 650 | 4 | _aSOCIEDAD | |
| 650 | 4 | _aECONOMIA | |
| 650 | 4 | _aRELIGION | |
| 650 | 4 | _aGUERRA | |
| 650 | 4 | _aESCULTURA | |
| 650 | 4 | _aCIVILIZACION | |
| 650 | 4 | _aPINTURA | |
| 650 | 4 | _aLITERATURA | |
| 650 | 4 | _aURBANIZACION | |
| 700 | 1 |
_aVillegas, Carlos _etraductor |
|
| 942 | _cBK | ||
| 998 | _cmariana | ||
| 999 |
_c3622 _d3622 |
||